000 01225nam a22002657a 4500
005 20170124103127.0
010 _aB-080112
020 _c350.00
_a8185309280
035 _aB-080112
037 _bCen Lib/Ret
040 _aDPL
_bHN
082 _a821.08
_bचतुर्वे
100 _aचतुर्वेदी, महाश्वेता
_945
245 _aछायावाद और उसके मौलिक आधार /
_c महाश्वेता चतुर्वेदी
246 _aChhayavad aur uske moulik aadhar
_bby Mahasweta Chaturvedi
260 _aगाज़ियाबाद
_bअमित प्रकाशन
_c2003
270 _aके.बी. 97, कवि नगर
_bगाज़ियाबाद
_e201002
300 _a305पृष्ठ.
_c21सेमी(सजिल्द)
500 _aसन्दर्भ ग्रन्थ सूची शामिल
650 _aहिंदी साहित्य
_983541
650 _aछायावाद की निरुक्ति
_983542
650 _ahindi Literature
_983543
650 _aThe etymology Chhayavaad
_983544
942 _2ddc
_cHN
_h821.08
_mचतुर्वे
999 _c119139
_d119139